000 00766cab a2200241 4500
001 ABS52015
008 090401t1994 xxu||||| |||| 00| 0 eng d
035 _a(Sirsi) u54826
041 _aeng
100 _aRay, R.P.
245 _aInheritance tax - wrinkles and foibles II
260 _c1994
350 _a0
490 _aTaxation
_v134(3484) 15/22 December 1994, 274-275(2)
520 _aThe second in a two part series examining inheritance tax planning with business and agricultural property. Examines the subject as it relates to wills and estates.
650 _aAGRICULTURAL PROPERTY RELIEFS
650 _aBUSINESS PROPERTY RELIEFS
650 _aESTATES
650 _aINHERITANCE TAX
690 _aTAXATION
942 _n0
948 _c04/03/1997
999 _c33598
_d33598